| 000 | 01144nas a2200361 4500 | ||
|---|---|---|---|
| 001 | BR2022000691 | ||
| 003 | BR-BrBNA | ||
| 005 | 20231205132304.0 | ||
| 007 | ta | ||
| 008 | 230509b bl.|||p| |||| 00| 00por d | ||
| 040 |
_aBR-BrBNA _bpor _cBiblioteca Nacional de Agricultura |
||
| 041 | _a(Pt) | ||
| 072 | _aF03; F08 | ||
| 100 | 1 | _aAvelino, A.C.D. | |
| 100 | 1 | _aSilva Júnior, C.A.S. | |
| 100 | 1 | _aSantana, A.P.L. de | |
| 100 | 1 | _aCampos Filho, J.B. de | |
| 100 | 1 | _aCamili, E.C. | |
| 100 | 1 | _aAbreu, J.G. de | |
| 245 | 1 | _aSemeadura imediata de sementes de capim-marandu associadas ao fertilizante para germinação mínima em sistemas integrados | |
| 650 | _aLAVOURA | ||
| 650 | _aPECUÁRIA | ||
| 650 | _aINTEGRAÇÃO | ||
| 650 | _aBRACHIARIA | ||
| 650 | _aSEMENTE | ||
| 650 | _aGERMINAÇÃO | ||
| 650 | _aCONSORCIAÇÃO DE CULTURA | ||
| 650 | _aFERTILIZANTE | ||
| 773 | 0 |
_tActa Iguazu (Brazil) _xISSN 2316-4093 _g(2018), v. 7(1) p. 75-86 _wBR2022000691 |
|
| 856 | 4 | 0 | _uhttps://e-revista.unioeste.br/index.php/actaiguazu/article/view/16450/12527 |
| 909 |
_a202311 _bLúcia _c55 _dLúcia Elande |
||
| 942 |
_2AGRIS _n0 _cANA |
||
| 999 |
_c259500 _d259500 |
||